[Event "CCT Play-in Chessable Masters 2024"]
[Site "Online"]
[Date "2024.01.31"]
[Round "5"]
[White "Mendonca, Leon Luke"]
[Black "Pichot, Alan"]
[Result "0-1"]
[WhiteElo "2608"]
[BlackElo "2644"]
[Annotator "RC"]
[PlyCount "136"]
[EventDate "2024.01.26"]
[EventType "swiss"]
[EventCountry "NET"]
[SourceTitle "playchess.com"]
[Source "ChessBase"]
[SourceQuality "1"]

1. a3 d5 2. Nf3 Nf6 3. b4 Bf5 4. Bb2 h6 5. d3 e6 6. g3 a5 7. b5 a4 8. Bg2 Bh7 9. O-O c6 10. bxc6 bxc6 11. c4 Bd6 12. Be5 Bxe5 13. Nxe5 Qd6 14. d4 Nbd7 15. Nxd7 Nxd7 16. Nc3 O-O 17. Nxa4 Ra7 18. c5 Qc7 19. Nc3 Qa5 20. Qd2 Rb8 21. Rfc1 Rb3 22. a4 Qb4 23. Ra2 e5 24. e3 Bg6 25. h3 exd4 26. exd4 Nf8 27. Nxd5 cxd5 28. Bxd5 Rb1 29. Rxb1 Qxb1+ 30. Kh2 Rd7 31. Rb2 Qd3 32. Qxd3 Bxd3 33. Bf3 Rxd4 34. c6 Ne6 35. a5 Be4 36. Bxe4 Rxe4 37. Ra2 Rb4 38. a6 Rb8 39. a7 Ra8 40. Kg2 Kf8 41. Ra6 Ke7 42. Kf3 Kd6 43. Ke3 Nc7 44. Ra1 Kxc6 45. Ke4 Nb5 46. Kf5 Rxa7 47. Rc1+ Kd7 48. Rd1+ Nd6+ 49. Kf4 Ra4+ 50. Kf3 Ke6 51. h4 g5 52. hxg5 hxg5 53. Re1+ Kd5 54. Rd1+ Ke6 55. Re1+ Kf6 56. Rd1 Nf5 57. Rb1 Nd4+ 58. Kg2 Ra2 59. Rd1 Nf5 60. Kf3 Kg6 61. Rc1 Nd4+ 62. Kg2 f6 63. Rd1 Ne6 64. Re1 Nc5 65. Re3 Rd2 66. Kf1 Nd3 67. f3 Ne5 68. Kg1 Rd3 0-1

[Event "CCT Play-in Chessable Masters 2024"]
[Site "Online"]
[Date "2024.01.31"]
[Round "5"]
[White "Dreev, Aleksey"]
[Black "Mileo, Miguelito"]
[Result "1/2-1/2"]
[WhiteElo "2606"]
[BlackElo "1721"]
[Annotator "RC"]
[PlyCount "74"]
[EventDate "2024.01.26"]
[EventType "swiss"]
[EventCountry "NET"]
[SourceTitle "playchess.com"]
[Source "ChessBase"]
[SourceQuality "1"]

1. d4 Nf6 2. c4 e6 3. Nc3 Bb4 4. Qc2 d5 5. a3 Bxc3+ 6. Qxc3 O-O 7. e3 b6 8. cxd5 exd5 9. Bb5 c5 10. Ne2 Ne4 11. Qc2 Bf5 12. Qd1 Nd6 13. Ba4 c4 14. Ng3 Bd3 15. Bc2 Bxc2 16. Qxc2 Nc6 17. O-O Qd7 18. Bd2 b5 19. Bb4 a5 20. Bc5 Rfe8 21. Rfe1 Nb7 22. Rad1 g6 23. h4 h5 24. Ne2 Re4 25. g3 b4 26. Qa4 Nxc5 27. dxc5 Rd8 28. axb4 axb4 29. Kg2 Qe8 30. Kf1 Qd7 31. Nf4 d4 32. exd4 Rxf4 33. gxf4 Qh3+ 34. Kg1 Qg4+ 35. Kf1 Qh3+ 36. Kg1 Qg4+ 37. Kf1 Qh3+ 1/2-1/2

[Event "CCT Play-in Chessable Masters 2024"]
[Site "Online"]
[Date "2024.01.31"]
[Round "5"]
[White "Antipov, Mikhail Al."]
[Black "Fier, Alexandr"]
[Result "1-0"]
[WhiteElo "2604"]
[BlackElo "2549"]
[Annotator "RC"]
[PlyCount "71"]
[EventDate "2024.01.26"]
[EventType "swiss"]
[EventCountry "NET"]
[SourceTitle "playchess.com"]
[Source "ChessBase"]
[SourceQuality "1"]

1. e4 c5 2. Nf3 Nc6 3. Bb5 e6 4. O-O Nge7 5. Re1 Nd4 6. Nxd4 cxd4 7. c3 a6 8. Bf1 Nc6 9. b4 Bd6 10. Na3 b5 11. Nc2 dxc3 12. dxc3 Qc7 13. g3 Bb7 14. a4 f5 15. axb5 axb5 16. Rxa8+ Bxa8 17. Na3 Na7 18. Be3 Be7 19. Bxa7 Qxa7 20. Nxb5 Qb7 21. Nd6+ Bxd6 22. Qxd6 fxe4 23. Bg2 Qa7 24. b5 Rf8 25. b6 Qa2 26. Qd4 d5 27. c4 Qxc4 28. Qxg7 Qc6 29. Qb2 Bb7 30. Rc1 Qd6 31. Qb5+ Kd8 32. Rc7 Bc8 33. b7 Qxc7 34. b8=Q Qc1+ 35. Bf1 Qd2 36. Qd6+ 1-0

[Event "CCT Play-in Chessable Masters 2024"]
[Site "Online"]
[Date "2024.01.31"]
[Round "5"]
[White "Safarli, Eltaj"]
[Black "VSERGUEI"]
[Result "1/2-1/2"]
[WhiteElo "2604"]
[BlackElo "2532"]
[Annotator "RC"]
[PlyCount "74"]
[EventDate "2024.01.26"]
[EventType "swiss"]
[EventCountry "NET"]
[SourceTitle "playchess.com"]
[Source "ChessBase"]
[SourceQuality "1"]

1. e4 e6 2. d4 d5 3. Nd2 Nf6 4. Bd3 c5 5. c3 cxd4 6. cxd4 dxe4 7. Nxe4 Bd7 8. Nc3 Bc6 9. Nf3 Nbd7 10. O-O g6 11. Bg5 h6 12. Bh4 Be7 13. b4 O-O 14. b5 Bd5 15. Ne5 Nxe5 16. dxe5 Nd7 17. Bxe7 Qxe7 18. Nxd5 exd5 19. f4 Rad8 20. Qg4 Nc5 21. Rad1 d4 22. f5 Qxe5 23. fxg6 Qe3+ 24. Kh1 Nxd3 25. gxf7+ Kh8 26. Qf5 Ne5 27. Qf6+ Kh7 28. Rde1 Qg5 29. Qxg5 hxg5 30. Rxe5 Kg6 31. Re6+ Kg7 32. Re7 d3 33. Kg1 d2 34. Rd1 Rxf7 35. Rxf7+ Kxf7 36. Kf2 Rd5 37. a4 Rd4 1/2-1/2

[Event "CCT Play-in Chessable Masters 2024"]
[Site "Online"]
[Date "2024.01.31"]
[Round "5"]
[White "igorkovalenko"]
[Black "Volokitin, Andrei"]
[Result "1-0"]
[WhiteElo "2602"]
[BlackElo "2663"]
[Annotator "TA"]
[PlyCount "89"]
[EventDate "2024.01.26"]
[EventType "swiss"]
[EventCountry "NET"]
[SourceTitle "playchess.com"]
[Source "ChessBase"]
[SourceQuality "1"]

1. c4 Nf6 2. Nf3 c5 3. Nc3 Nc6 4. e3 e6 5. b3 d5 6. cxd5 exd5 7. Bb5 Bd6 8. Bb2 O-O 9. Ne2 Bg4 10. Bxc6 bxc6 11. Ng3 Ne4 12. Qc2 f5 13. Ne5 Qh4 14. O-O Rae8 15. d3 Bxe5 16. Bxe5 Rxe5 17. f4 Re6 18. dxe4 fxe4 19. Rf2 Rh6 20. Nf1 g5 21. fxg5 Rxf2 22. Qxf2 Qxg5 23. Qg3 Rg6 24. Rc1 Qe7 25. Qf4 h5 26. Rc2 d4 27. Rf2 h4 28. Kh1 h3 29. Kg1 d3 30. Nd2 Bf3 31. Nxf3 exf3 32. Qxf3 Rxg2+ 33. Rxg2+ hxg2 34. Qxg2+ Kh7 35. Qh3+ Kg6 36. Qg4+ Kh6 37. Qf4+ Kg6 38. Kf2 Qd7 39. Ke1 d2+ 40. Kd1 Qd3 41. Qg3+ Kh6 42. Qh3+ Kg7 43. Qg2+ Kh7 44. Qxd2 Qb1+ 45. Ke2 1-0

[Event "CCT Play-in Chessable Masters 2024"]
[Site "Online"]
[Date "2024.01.31"]
[Round "5"]
[White "Jumabayev, Rinat"]
[Black "Gharibyan, Mamikon"]
[Result "1/2-1/2"]
[WhiteElo "2598"]
[BlackElo "2504"]
[Annotator "RC"]
[PlyCount "134"]
[EventDate "2024.01.26"]
[EventType "swiss"]
[EventCountry "NET"]
[SourceTitle "playchess.com"]
[Source "ChessBase"]
[SourceQuality "1"]

1. d4 Nf6 2. Nf3 d5 3. Bf4 Bf5 4. e3 e6 5. c4 Nbd7 6. Nc3 Bb4 7. Qb3 c5 8. a3 Bxc3+ 9. bxc3 Qa5 10. Nd2 O-O 11. Be2 Rac8 12. O-O cxd4 13. exd4 dxc4 14. Nxc4 Qd5 15. Qb4 Qe4 16. Be3 Nd5 17. Qb2 Nxe3 18. Nxe3 b6 19. c4 Nf6 20. Rad1 h5 21. d5 Ng4 22. Rd4 Qe5 23. Bxg4 hxg4 24. Qd2 Rfd8 25. d6 Qc5 26. a4 Rd7 27. Rd1 Rcd8 28. g3 f6 29. h3 gxh3 30. Kh2 Bg6 31. f4 Qc6 32. g4 e5 33. fxe5 fxe5 34. Rd5 Bf7 35. Nf5 Bxd5 36. Ne7+ Rxe7 37. dxe7 Re8 38. cxd5 Qd6 39. Kxh3 Rxe7 40. Qg5 e4 41. Rc1 Re5 42. Rc8+ Kh7 43. Qh4+ Qh6 44. d6 Rd5 45. Qxh6+ Kxh6 46. Rh8+ Kg6 47. Re8 Rxd6 48. Rxe4 Kg5 49. Re5+ Kf6 50. Rf5+ Ke6 51. Kh4 Rd5 52. Rf1 Ra5 53. Re1+ Kd5 54. Re7 Rxa4 55. Rxg7 b5 56. Kh5 Ra1 57. g5 Kc4 58. Rc7+ Kb3 59. g6 b4 60. g7 Rg1 61. Rxa7 Kb2 62. Kh6 b3 63. Ra5 Rxg7 64. Kxg7 Kc2 65. Rc5+ Kd3 66. Rb5 Kc2 67. Rxb3 Kxb3 1/2-1/2

[Event "CCT Play-in Chessable Masters 2024"]
[Site "Online"]
[Date "2024.01.31"]
[Round "5"]
[White "Kravtsiv, Martyn"]
[Black "Indjic, Aleksandar"]
[Result "0-1"]
[WhiteElo "2598"]
[BlackElo "2595"]
[Annotator "RC"]
[PlyCount "82"]
[EventDate "2024.01.26"]
[EventType "swiss"]
[EventCountry "NET"]
[SourceTitle "playchess.com"]
[Source "ChessBase"]
[SourceQuality "1"]

1. e4 c5 2. Nf3 d6 3. Bb5+ Nd7 4. d4 cxd4 5. Qxd4 a6 6. Bxd7+ Bxd7 7. O-O e5 8. Qd3 Rc8 9. c4 b5 10. Na3 Qb6 11. cxb5 axb5 12. Bd2 Nf6 13. Bb4 Bc6 14. Rac1 Qb7 15. Nxb5 Nxe4 16. Bxd6 f6 17. Nc7+ Rxc7 18. Bxc7 Be7 19. Rfd1 Nc5 20. Rxc5 Bxc5 21. Qc4 Be7 22. Ba5 g5 23. Ne1 Qb5 24. Qxb5 Bxb5 25. Nc2 Kf7 26. Bb4 Rc8 27. Bc3 Ba4 28. Rc1 Bc5 29. h3 Bb6 30. Ne1 Rd8 31. b3 Be8 32. a4 Ke6 33. a5 Ba7 34. b4 h5 35. Nc2 g4 36. hxg4 hxg4 37. Be1 g3 38. Na3 Rd3 39. Nc4 Bd4 40. Kf1 Bb5 41. fxg3 Rd1 0-1

[Event "CCT Play-in Chessable Masters 2024"]
[Site "Online"]
[Date "2024.01.31"]
[Round "5"]
[White "Vaibhav, Suri"]
[Black "Janosik, Gyorgy"]
[Result "1-0"]
[WhiteElo "2596"]
[BlackElo "2235"]
[Annotator "RC"]
[PlyCount "109"]
[EventDate "2024.01.26"]
[EventType "swiss"]
[EventCountry "NET"]
[SourceTitle "playchess.com"]
[Source "ChessBase"]
[SourceQuality "1"]

1. e4 e5 2. Nf3 Nf6 3. d4 Nxe4 4. Bd3 d5 5. Nxe5 Nd7 6. Nc3 Nxc3 7. bxc3 Bd6 8. O-O O-O 9. Re1 h6 10. Qf3 c6 11. Bf4 Nxe5 12. dxe5 Be7 13. c4 Be6 14. cxd5 Bxd5 15. Qh5 Bg5 16. Bg3 g6 17. Qe2 Be6 18. h3 h5 19. a4 Bh4 20. Bh2 Qd4 21. a5 b5 22. axb6 axb6 23. Rad1 Qc5 24. Bf4 b5 25. g3 Be7 26. Kh2 Ra4 27. Qe3 Bd5 28. Kg1 Be6 29. Qxc5 Bxc5 30. Kg2 h4 31. Bg5 Bd5+ 32. f3 hxg3 33. Kxg3 Be6 34. h4 Re8 35. Be4 Rc4 36. Bf6 Bd5 37. Bxd5 cxd5 38. Rxd5 Rxc2 39. Red1 b4 40. Rd8 Rf8 41. Rxf8+ Bxf8 42. Rd8 Rc7 43. Rb8 Rd7 44. Kg4 Ra7 45. f4 Rd7 46. h5 gxh5+ 47. Kxh5 b3 48. Bg5 Rd3 49. Be7 Kh7 50. Bxf8 Rf3 51. Kg5 Rg3+ 52. Kf5 Rg6 53. Be7 Re6 54. Bf6 Re8 55. Rxe8 1-0

[Event "CCT Play-in Chessable Masters 2024"]
[Site "Online"]
[Date "2024.01.31"]
[Round "5"]
[White "Vokhidov, Shamsiddin"]
[Black "Zohid6"]
[Result "1-0"]
[WhiteElo "2596"]
[BlackElo "2714"]
[Annotator "TA"]
[PlyCount "57"]
[EventDate "2024.01.26"]
[EventType "swiss"]
[EventCountry "NET"]
[SourceTitle "playchess.com"]
[Source "ChessBase"]
[SourceQuality "1"]

1. e4 e5 2. Nf3 Nf6 3. Nxe5 d6 4. Nf3 Nxe4 5. c4 Nc6 6. Nc3 Nxc3 7. dxc3 Be7 8. Be3 O-O 9. Bd3 Ne5 10. Nxe5 dxe5 11. Qe2 c6 12. O-O-O Qa5 13. Kb1 Be6 14. Rhe1 b5 15. Bc1 Bf6 16. Qe4 g6 17. Qxc6 Rab8 18. Ka1 bxc4 19. Bxc4 Rfc8 20. Qa6 Qxa6 21. Bxa6 Rc6 22. Be2 e4 23. Bf4 Rb7 24. Rc1 Rc5 25. Red1 Ra5 26. a3 Be7 27. Bd6 Bg5 28. Rb1 Re5 29. Bxe5 1-0

[Event "CCT Play-in Chessable Masters 2024"]
[Site "Online"]
[Date "2024.01.31"]
[Round "5"]
[White "Sereiaza"]
[Black "Sarana, Alexey"]
[Result "0-1"]
[WhiteElo "2591"]
[BlackElo "2695"]
[Annotator "TA"]
[PlyCount "88"]
[EventDate "2024.01.26"]
[EventType "swiss"]
[EventCountry "NET"]
[SourceTitle "playchess.com"]
[Source "ChessBase"]
[SourceQuality "1"]

1. e4 c5 2. Nf3 e6 3. d4 cxd4 4. Nxd4 Nc6 5. Nc3 a6 6. Be2 Qc7 7. O-O Nf6 8. Be3 Be7 9. f4 d6 10. Kh1 O-O 11. Qe1 Nxd4 12. Bxd4 b5 13. a3 Bb7 14. Qg3 Rac8 15. Rae1 Bc6 16. Bd3 e5 17. fxe5 Nh5 18. Qh3 dxe5 19. Nd5 Bxd5 20. Bxe5 Qxe5 21. exd5 Qg5 22. Bxh7+ Kxh7 23. Rf5 Qxf5 24. Qxf5+ g6 25. Qh3 Bd6 26. g4 Rxc2 27. gxh5 Rxh2+ 28. Qxh2 Bxh2 29. Kxh2 gxh5 30. Re7 Kg7 31. Kg3 Rd8 32. Ra7 Rd6 33. Kf4 Kf6 34. b4 h4 35. Ra8 Kg7 36. Kg4 h3 37. Kxh3 Kf6 38. Ra7 Ke5 39. Rxf7 Kxd5 40. Rf4 Rc6 41. Rf5+ Kc4 42. Rf3 Rd6 43. Kg4 Rd3 44. Rf6 Rxa3 0-1

[Event "CCT Play-in Chessable Masters 2024"]
[Site "Online"]
[Date "2024.01.31"]
[Round "5"]
[White "BilodeauA"]
[Black "evgchess5"]
[Result "1-0"]
[WhiteElo "2590"]
[BlackElo "2696"]
[Annotator "RC"]
[PlyCount "125"]
[EventDate "2024.01.26"]
[EventType "swiss"]
[EventCountry "NET"]
[SourceTitle "playchess.com"]
[Source "ChessBase"]
[SourceQuality "1"]

1. e4 e5 2. Nf3 Nc6 3. Bc4 Bc5 4. d3 Nf6 5. Nc3 h6 6. h3 d6 7. a4 Be6 8. b3 Nd4 9. O-O O-O 10. Be3 Nxf3+ 11. Qxf3 Bxe3 12. Qxe3 Nh5 13. Ne2 c6 14. Bxe6 fxe6 15. g3 Qe7 16. Rad1 Nf6 17. d4 exd4 18. Nxd4 Nd7 19. f4 Rf6 20. Nf3 Rf7 21. Rfe1 Qf8 22. Kg2 a5 23. c4 Rd8 24. Rd2 Nc5 25. Red1 Rfd7 26. h4 Qe7 27. h5 b6 28. Nd4 Rc8 29. Re1 Qf7 30. Qf3 d5 31. cxd5 cxd5 32. e5 Ne4 33. Rde2 Rdc7 34. Qg4 Re8 35. Re3 Kh7 36. Rf1 Nd2 37. Rd1 Ne4 38. Rh1 Rc5 39. Rf1 Nd2 40. Rd1 Ne4 41. Rf3 Rc7 42. f5 exf5 43. Rxf5 Qe7 44. Qg6+ Kh8 45. Rdf1 Rg8 46. Qxb6 Rc3 47. R1f3 Rxf3 48. Nxf3 Qa3 49. Qe3 Qb2+ 50. Kh3 Rb8 51. Nd4 Ng5+ 52. Kg4 Qh2 53. Rxg5 hxg5 54. e6 Qh1 55. e7 Re8 56. Nf5 Qd1+ 57. Kxg5 Qc2 58. Qe5 Qc1+ 59. Kg4 Qd1+ 60. Kh4 Qh1+ 61. Kg5 Qc1+ 62. Kg6 Qc6+ 63. Nd6 1-0

[Event "CCT Play-in Chessable Masters 2024"]
[Site "Online"]
[Date "2024.01.31"]
[Round "5"]
[White "Lupulescu, Constantin"]
[Black "Akobian, Varuzhan"]
[Result "1-0"]
[WhiteElo "2589"]
[BlackElo "2571"]
[Annotator "RC"]
[PlyCount "65"]
[EventDate "2024.01.26"]
[EventType "swiss"]
[EventCountry "NET"]
[SourceTitle "playchess.com"]
[Source "ChessBase"]
[SourceQuality "1"]

1. d4 e6 2. e4 d5 3. e5 c5 4. c3 Qb6 5. Nf3 Nc6 6. Be2 cxd4 7. cxd4 Nge7 8. Na3 Nf5 9. Nc2 Bb4+ 10. Kf1 Be7 11. h4 h5 12. Rb1 Bd7 13. b4 Rc8 14. Bg5 a6 15. Qd2 Na7 16. Ne3 Nxe3+ 17. Qxe3 Bb5 18. Bxe7 Kxe7 19. Bxb5 Nxb5 20. Rc1 Rxc1+ 21. Qxc1 Qc7 22. Qg5+ Kf8 23. Kg1 Nc3 24. Kh2 Ne4 25. Rc1 Qd7 26. Qe3 g6 27. Ng5 Kg7 28. Nh3 Rc8 29. f3 Rxc1 30. Qxc1 Qe7 31. fxe4 dxe4 32. Ng5 Qxb4 33. Qc7 1-0

[Event "CCT Play-in Chessable Masters 2024"]
[Site "Online"]
[Date "2024.01.31"]
[Round "5"]
[White "Lysyj, Igor"]
[Black "KuzubovYuriy"]
[Result "1-0"]
[WhiteElo "2589"]
[BlackElo "2695"]
[Annotator "TA"]
[PlyCount "87"]
[EventDate "2024.01.26"]
[EventType "swiss"]
[EventCountry "NET"]
[SourceTitle "playchess.com"]
[Source "ChessBase"]
[SourceQuality "1"]

1. d4 Nf6 2. c4 e6 3. Nf3 d5 4. g3 Be7 5. Bg2 O-O 6. O-O dxc4 7. Ne5 c5 8. dxc5 Qc7 9. Nxc4 Bxc5 10. Nc3 Bb4 11. Qb3 Bxc3 12. Qxc3 Nd5 13. Qb3 Nc6 14. Rd1 a5 15. e4 a4 16. Qb5 Nd4 17. Rxd4 Bd7 18. Bf4 Bxb5 19. Bxc7 Nxc7 20. Rc1 Rfd8 21. Rxd8+ Rxd8 22. e5 Nd5 23. Nd6 Bc6 24. f4 f6 25. Bh3 fxe5 26. Bxe6+ Kf8 27. fxe5 Ke7 28. Bh3 Nb4 29. Rf1 Rf8 30. Nf5+ Kf7 31. e6+ Kxe6 32. Nxg7+ Ke7 33. Nf5+ Kd8 34. a3 Nd5 35. Nd4 Rxf1+ 36. Bxf1 Be8 37. Kf2 Ke7 38. Bd3 Nf6 39. Nf5+ Kf8 40. h4 Bc6 41. Ke3 Kf7 42. Kf4 Nd7 43. Nd4 h6 44. Nf5 1-0

[Event "CCT Play-in Chessable Masters 2024"]
[Site "Online"]
[Date "2024.01.31"]
[Round "5"]
[White "Aditya Mittal"]
[Black "Banusz, Tamas"]
[Result "1-0"]
[WhiteElo "2588"]
[BlackElo "2621"]
[Annotator "RC"]
[PlyCount "83"]
[EventDate "2024.01.26"]
[EventType "swiss"]
[EventCountry "NET"]
[SourceTitle "playchess.com"]
[Source "ChessBase"]
[SourceQuality "1"]

1. d4 d5 2. c4 c6 3. Nf3 Nf6 4. Nc3 dxc4 5. a4 Bf5 6. e3 e6 7. Bxc4 Bb4 8. O-O O-O 9. Nh4 Nbd7 10. Nxf5 exf5 11. h3 Qe7 12. Qf3 g6 13. a5 Ne4 14. g4 Nd6 15. Bd3 fxg4 16. hxg4 f5 17. Ra4 Bxc3 18. bxc3 Qg5 19. e4 Qh4 20. e5 fxg4 21. Qg2 Nf5 22. Ba3 Rfe8 23. Re1 Qg5 24. Bc1 Qh4 25. Re4 h5 26. a6 b5 27. Ra2 Rad8 28. Be2 Qe7 29. Bf4 Qe6 30. Rb2 Nf6 31. Bd1 Nd5 32. Bb3 Kh7 33. Bg5 Rd7 34. c4 bxc4 35. Bxc4 Nd6 36. exd6 Qxe4 37. Qxe4 Rxe4 38. Bxd5 Re1+ 39. Kg2 Rxd6 40. Rb7+ Kh8 41. Bc4 Re4 42. Bh6 1-0

[Event "CCT Play-in Chessable Masters 2024"]
[Site "Online"]
[Date "2024.01.31"]
[Round "5"]
[White "Fridman, Daniel"]
[Black "Firouzja, Alireza"]
[Result "0-1"]
[WhiteElo "2588"]
[BlackElo "2759"]
[Annotator "TA"]
[PlyCount "54"]
[EventDate "2024.01.26"]
[EventType "swiss"]
[EventCountry "NET"]
[SourceTitle "playchess.com"]
[Source "ChessBase"]
[SourceQuality "1"]

1. Nf3 Nf6 2. g3 b5 3. Bg2 Bb7 4. Na3 c6 5. O-O d5 6. d4 e6 7. b3 b4 8. Nb1 Nbd7 9. Bb2 a5 10. Nbd2 c5 11. c4 bxc3 12. Bxc3 cxd4 13. Bxd4 Bd6 14. Bb2 Qe7 15. Nd4 O-O 16. Rc1 Bc5 17. Rc2 Ba6 18. Re1 Rac8 19. e4 Bd3 20. Rc1 dxe4 21. Nxe4 Bxe4 22. Bxe4 Nxe4 23. Rxe4 Nf6 24. Nf5 Bxf2+ 25. Kf1 Qb7 26. Bxf6 exf5 27. Rxc8 Rxc8 0-1

[Event "CCT Play-in Chessable Masters 2024"]
[Site "Online"]
[Date "2024.01.31"]
[Round "5"]
[White "frederiksvane"]
[Black "Zhuu96"]
[Result "1-0"]
[WhiteElo "2588"]
[BlackElo "2495"]
[Annotator "NA"]
[PlyCount "91"]
[EventDate "2024.01.26"]
[EventType "swiss"]
[EventCountry "NET"]
[SourceTitle "playchess.com"]
[Source "ChessBase"]
[SourceQuality "1"]

1. e4 c5 2. Nf3 d6 3. d4 cxd4 4. Nxd4 Nf6 5. Nc3 a6 6. h3 e6 7. g4 Nfd7 8. Be3 b5 9. a3 Bb7 10. Qd2 Nc6 11. O-O-O b4 12. axb4 Nxb4 13. f4 Rc8 14. Kb1 Nc5 15. Bg2 Qa5 16. Nb3 Nxb3 17. cxb3 Be7 18. Qf2 Nc6 19. e5 d5 20. f5 Qb4 21. Rhf1 O-O 22. f6 Bd8 23. Bc5 Qxb3 24. fxg7 Be7 25. gxf8=Q+ Rxf8 26. Bxe7 Nxe7 27. Qc5 Ng6 28. Rd4 Rc8 29. Rb4 Rxc5 30. Rxb3 Bc6 31. Rb8+ Kg7 32. Re1 Nf4 33. Bf1 d4 34. Rb4 Ng6 35. Rxd4 Nxe5 36. Na4 Ra5 37. b4 Rxa4 38. Rxe5 Ra3 39. Rd3 Ra4 40. Rb3 Bd5 41. Rxd5 exd5 42. Kb2 Kf6 43. Bd3 h6 44. Bc2 Kg7 45. h4 f6 46. Bf5 1-0

[Event "CCT Play-in Chessable Masters 2024"]
[Site "Online"]
[Date "2024.01.31"]
[Round "5"]
[White "Sasikiran, Krishnan"]
[Black "adotand"]
[Result "1-0"]
[WhiteElo "2586"]
[BlackElo "2447"]
[Annotator "RC"]
[PlyCount "67"]
[EventDate "2024.01.26"]
[EventType "swiss"]
[EventCountry "NET"]
[SourceTitle "playchess.com"]
[Source "ChessBase"]
[SourceQuality "1"]

1. d4 Nf6 2. c4 e6 3. Nf3 d5 4. g3 dxc4 5. Bg2 Nbd7 6. O-O c6 7. a4 b6 8. Qc2 Ba6 9. Nbd2 c3 10. bxc3 Bxe2 11. Re1 Bxf3 12. Nxf3 Be7 13. Ng5 h6 14. Nxe6 fxe6 15. Qg6+ Kf8 16. Rxe6 Qe8 17. Qf5 Qh5 18. Qc2 Rc8 19. Bf4 g5 20. Bd2 Rh7 21. Rae1 Rf7 22. h3 Ng8 23. c4 Rf6 24. d5 cxd5 25. Bxd5 Bc5 26. Qh7 Bxf2+ 27. Kg2 Bxe1 28. Qxd7 Re8 29. g4 Qg6 30. Rxe1 Rxe1 31. Bxe1 Qc2+ 32. Kg1 Qc1 33. Qd8+ Kg7 34. Qxg8# 1-0

[Event "CCT Play-in Chessable Masters 2024"]
[Site "Online"]
[Date "2024.01.31"]
[Round "5"]
[White "DrVelja"]
[Black "Samant Aditya S"]
[Result "0-1"]
[WhiteElo "2579"]
[BlackElo "2512"]
[Annotator "RC"]
[PlyCount "34"]
[EventDate "2024.01.26"]
[EventType "swiss"]
[EventCountry "NET"]
[SourceTitle "playchess.com"]
[Source "ChessBase"]
[SourceQuality "1"]

1. e4 c5 2. Nf3 Nc6 3. Bb5 e6 4. O-O Nge7 5. d4 cxd4 6. Nxd4 Ng6 7. Be3 Be7 8. c3 O-O 9. Nd2 a6 10. Bd3 b5 11. Qh5 Bb7 12. f4 Nxd4 13. cxd4 f5 14. d5 Nh4 15. g3 fxe4 16. Qe2 exd3 17. Qxd3 Nf5 0-1

[Event "CCT Play-in Chessable Masters 2024"]
[Site "Online"]
[Date "2024.01.31"]
[Round "5"]
[White "Kovalev, Vladislav"]
[Black "Predke, Alexandr"]
[Result "1-0"]
[WhiteElo "2579"]
[BlackElo "2668"]
[Annotator "RC"]
[PlyCount "107"]
[EventDate "2024.01.26"]
[EventType "swiss"]
[EventCountry "NET"]
[SourceTitle "playchess.com"]
[Source "ChessBase"]
[SourceQuality "1"]

1. e4 c5 2. Nf3 Nc6 3. d4 cxd4 4. Nxd4 Nf6 5. Nc3 e5 6. Ndb5 d6 7. Bg5 a6 8. Na3 b5 9. Nd5 Be7 10. Bxf6 Bxf6 11. c3 O-O 12. Nc2 Bg5 13. a4 bxa4 14. Rxa4 Kh8 15. Bc4 f5 16. exf5 Bxf5 17. O-O a5 18. Nde3 Bg6 19. Bd3 Be8 20. Be4 Rb8 21. Ra2 Ne7 22. Qd3 Bf7 23. c4 Qb6 24. g3 Rfd8 25. Rfa1 Bg8 26. h4 Bxe3 27. Nxe3 Nc6 28. Bxc6 Qxc6 29. Rxa5 Rxb2 30. Rxe5 dxe5 31. Qxd8 Qf3 32. Rf1 Re2 33. Nd5 Qd3 34. Qc8 Rc2 35. Ne3 Re2 36. Qf8 Rxe3 37. fxe3 Qxe3+ 38. Qf2 Qxf2+ 39. Kxf2 Bxc4 40. Rc1 Bg8 41. Ke3 h6 42. Ke4 Bb3 43. Kxe5 Kg8 44. Rc7 Ba2 45. Ra7 Bb3 46. Rb7 Bc4 47. Rc7 Ba2 48. Kf5 Bd5 49. g4 Ba2 50. Rc1 Bd5 51. g5 hxg5 52. hxg5 Kf8 53. Rc8+ Ke7 54. Kg6 1-0

[Event "CCT Play-in Chessable Masters 2024"]
[Site "Online"]
[Date "2024.01.31"]
[Round "5"]
[White "bardiya_Daneshvar"]
[Black "jefferyx"]
[Result "1/2-1/2"]
[WhiteElo "2577"]
[BlackElo "2669"]
[Annotator "TA"]
[PlyCount "54"]
[EventDate "2024.01.26"]
[EventType "swiss"]
[EventCountry "NET"]
[SourceTitle "playchess.com"]
[Source "ChessBase"]
[SourceQuality "1"]

1. Nf3 c5 2. c4 Nf6 3. Nc3 d5 4. cxd5 Nxd5 5. e3 e6 6. Nxd5 exd5 7. Bb5+ Bd7 8. Bxd7+ Qxd7 9. O-O Nc6 10. b3 Be7 11. Bb2 O-O 12. d4 Bf6 13. Ba3 Nb4 14. Rc1 Rfc8 15. Qd2 a5 16. dxc5 Qb5 17. Nd4 Bxd4 18. Qxd4 Nxa2 19. Bb2 f6 20. Qxd5+ Kh8 21. Rcd1 a4 22. Qd7 Qxb3 23. Rb1 Rd8 24. Qe7 Re8 25. Qd7 Red8 26. Qe7 Re8 27. Qd7 Red8 1/2-1/2

[Event "CCT Play-in Chessable Masters 2024"]
[Site "Online"]
[Date "2024.01.31"]
[Round "5"]
[White "chessdjw"]
[Black "BrandonJacobson"]
[Result "0-1"]
[WhiteElo "2570"]
[BlackElo "2422"]
[Annotator "RC"]
[PlyCount "56"]
[EventDate "2024.01.26"]
[EventType "swiss"]
[EventCountry "NET"]
[SourceTitle "playchess.com"]
[Source "ChessBase"]
[SourceQuality "1"]

1. d4 Nf6 2. Nf3 g6 3. c4 Bg7 4. Nc3 O-O 5. e4 d6 6. Be2 e5 7. O-O Bg4 8. d5 a5 9. h3 Bxf3 10. Bxf3 Nbd7 11. Rb1 h5 12. a3 Nh7 13. b4 Bf6 14. Qc2 Bg5 15. Be2 Bxc1 16. Rfxc1 axb4 17. axb4 Qh4 18. Bf1 Kg7 19. Nb5 Rfc8 20. c5 Ng5 21. Re1 Nf6 22. Re3 Ng4 23. Rc3 Nxf2 24. cxd6 cxd6 25. Rxc8 Qg3 26. Be2 Ngxh3+ 27. Kf1 Rxc8 28. Qxc8 Ng4 0-1

[Event "CCT Play-in Chessable Masters 2024"]
[Site "Online"]
[Date "2024.01.31"]
[Round "5"]
[White "Le, Tuan Minh"]
[Black "Fandorine"]
[Result "1/2-1/2"]
[WhiteElo "2567"]
[BlackElo "2610"]
[Annotator "RC"]
[PlyCount "75"]
[EventDate "2024.01.26"]
[EventType "swiss"]
[EventCountry "NET"]
[SourceTitle "playchess.com"]
[Source "ChessBase"]
[SourceQuality "1"]

1. d4 Nf6 2. c4 e6 3. Nf3 d5 4. Nc3 dxc4 5. Bg5 h6 6. Bxf6 Qxf6 7. e3 Nd7 8. Bxc4 c6 9. O-O g6 10. Rc1 Bg7 11. e4 e5 12. d5 O-O 13. h3 Nb6 14. Bb3 Bd7 15. Qe2 Rfd8 16. Rfd1 Be8 17. dxc6 Bxc6 18. a4 a5 19. Qe3 Be8 20. Nxe5 Rxd1+ 21. Rxd1 Qxe5 22. Qxb6 Bc6 23. Bd5 Qe8 24. g3 Bxc3 25. bxc3 Bxd5 26. exd5 Qxa4 27. Re1 Qd7 28. d6 Ra6 29. Re7 Qxd6 30. Qxb7 Rb6 31. Re8+ Kg7 32. Qa8 Qd1+ 33. Kg2 Rb1 34. Rg8+ Kh7 35. Rh8+ Kg7 36. Rg8+ Kh7 37. Rh8+ Kg7 38. Rg8+ 1/2-1/2